ბათუმის შოთა რუსთაველის სახელმწიფო უნივერსიტეტის ბიბლიოთეკა

ლიახვის პირას (ბიბ.ჩანაწერი № 48689)

000 -LEADER
fixed length control field 00629nam a2200217Ia 4500
001 - CONTROL NUMBER
control field 15589
003 - CONTROL NUMBER IDENTIFIER
control field GE_BSU
008 - FIXED-LENGTH DATA ELEMENTS--GENERAL INFORMATION
fixed length control field 181216s||||||||xx |||||||||||||| ||und||
040 ## - CATALOGING SOURCE
Transcribing agency GE_BSU
100 ## - MAIN ENTRY--PERSONAL NAME
Personal name ჩხეიძე, ბორის
245 ## - TITLE STATEMENT
Title ლიახვის პირას
245 ## - TITLE STATEMENT
Remainder of title რომანი
245 ## - TITLE STATEMENT
Statement of responsibility, etc. რედ.დ.შენგელია
260 ## - PUBLICATION, DISTRIBUTION, ETC.
Place of publication, distribution, etc. თბილისი
260 ## - PUBLICATION, DISTRIBUTION, ETC.
Name of publisher, distributor, etc. საბჭოთა მწერალი
260 ## - PUBLICATION, DISTRIBUTION, ETC.
Date of publication, distribution, etc. 1947
300 ## - PHYSICAL DESCRIPTION
Extent 347გვ. ; 22სმ
653 ## - INDEX TERM--UNCONTROLLED
Uncontrolled term ლიახვის პირას
653 ## - INDEX TERM--UNCONTROLLED
Uncontrolled term რომანი
942 ## - ADDED ENTRY ELEMENTS (KOHA)
Koha item type წიგნი
ეგზემპლარები
Withdrawn status Lost status Damaged status Not for loan Date acquired Barcode Date last seen Price effective from Koha item type
        2018-12-17 38645 2018-12-17 2018-12-17 წიგნი
        2018-12-17 38646 2018-12-17 2018-12-17 წიგნი
        2018-12-17 38647 2018-12-17 2018-12-17 წიგნი